| 000 | 00596nam a2200205 a 4500 | ||
|---|---|---|---|
| 005 | 20240305063711.0 | ||
| 008 | 991125s1994 mx 000 0 spa u | ||
| 020 | _a9706073124 | ||
| 035 | _aUPN01000008303 | ||
| 049 | _aLT | ||
| 050 | 4 |
_aLB1644 M6.1 _bV5.2ch |
|
| 100 | 1 | _aVidales Chapa, Ismael Alejandro | |
| 245 | 1 | 0 |
_aCivismo 1 / _cIsmael Alejandro Vidales Chapa |
| 260 |
_aMéxico : _bLarousse, _c1994 |
||
| 300 |
_ax, 149 p. : _bil. |
||
| 500 | _a"Programa 94-95 Regreso a clases" | ||
| 650 | 4 |
_aCivismo _xEstudio y enseñanza (Secundaria) _91512 |
|
| 904 |
_aAC _b008303 |
||
| 905 | _aLibro | ||
| 999 |
_c8303 _d8303 |
||